00333nam a22001097a 4500082001000000100002100010245007900031260003600110300001900146650003700165700002100202 a621.3 aRehman, Ubair Ur aMultiple Target Detection in Wall Penetrating UWB Radar /cUbair Ur Rehman aIslamabad :bMCS - NUST,c2012. a69 p. ;c30cm. aElectrical Engineering-MS-Thesis aDr. Adnan Rashdi